<?xml version="1.0" encoding="UTF-8"?>
<record
    xmlns:xsi="http://www.w3.org/2001/XMLSchema-instance"
    xsi:schemaLocation="http://www.loc.gov/MARC21/slim http://www.loc.gov/standards/marcxml/schema/MARC21slim.xsd"
    xmlns="http://www.loc.gov/MARC21/slim">

  <leader>02209nam2a22004091  4500</leader>
  <controlfield tag="001">v19\rc\1344685</controlfield>
  <controlfield tag="005">20260407064713.0</controlfield>
  <datafield tag="035" ind1=" " ind2=" ">
    <subfield code="a">(NLR Aleph) 005203923</subfield>
  </datafield>
  <datafield tag="090" ind1=" " ind2=" ">
    <subfield code="a">5338523</subfield>
    <subfield code="c">5338523</subfield>
  </datafield>
  <datafield tag="100" ind1=" " ind2=" ">
    <subfield code="a">20060512d1865    |||y0rusy50      ca</subfield>
  </datafield>
  <datafield tag="101" ind1="1" ind2=" ">
    <subfield code="a">rus</subfield>
    <subfield code="c">eng</subfield>
  </datafield>
  <datafield tag="102" ind1=" " ind2=" ">
    <subfield code="a">RU</subfield>
  </datafield>
  <datafield tag="105" ind1=" " ind2=" ">
    <subfield code="a">y   z   ||||b</subfield>
  </datafield>
  <datafield tag="200" ind1="1" ind2=" ">
    <subfield code="a">&#x41A;&#x440;&#x438;&#x442;&#x438;&#x447;&#x435;&#x441;&#x43A;&#x438;&#x435; &#x438; &#x438;&#x441;&#x442;&#x43E;&#x440;&#x438;&#x447;&#x435;&#x441;&#x43A;&#x438;&#x435; &#x43E;&#x43F;&#x44B;&#x442;&#x44B;</subfield>
    <subfield code="a">&#x41A;&#x440;&#x438;&#x442;&#x438;&#x447;&#x435;&#x441;&#x43A;&#x438;&#x435; &#x438; &#x431;&#x438;&#x43E;&#x433;&#x440;&#x430;&#x444;&#x438;&#x447;&#x435;&#x441;&#x43A;&#x438;&#x435; &#x43E;&#x43F;&#x44B;&#x442;&#x44B;</subfield>
    <subfield code="i">[&#x424;&#x440;&#x438;&#x434;&#x440;&#x438;&#x445; &#x412;&#x435;&#x43B;&#x438;&#x43A;&#x438;&#x439;</subfield>
    <subfield code="i">&#x417;&#x430;&#x43A;&#x43E;&#x43D; &#x43E; &#x43D;&#x430;&#x440;&#x43E;&#x434;&#x43E;&#x43D;&#x430;&#x441;&#x435;&#x43B;&#x435;&#x43D;&#x438;&#x438; &#x421;&#x430;&#x434;&#x43B;&#x435;&#x440;&#x430;: (&#x41F;&#x440;&#x43E;&#x434;&#x43E;&#x43B;&#x436;&#x435;&#x43D;&#x438;&#x435;)</subfield>
    <subfield code="i">&#x423;&#x442;&#x438;&#x43B;&#x438;&#x442;&#x430;&#x440;&#x438;&#x437;&#x43C;: (&#x421;&#x442;. 1-3)</subfield>
    <subfield code="i">&#x414;&#x436;&#x43E;&#x43D; &#x411;&#x43E;&#x43D;&#x438;&#x430;&#x43D;</subfield>
    <subfield code="i">&#x412;&#x438;&#x43B;&#x43B;&#x438;&#x430;&#x43C; &#x41F;&#x438;&#x442;&#x442;</subfield>
    <subfield code="i">&#x41E;&#x43B;&#x438;&#x432;&#x435;&#x440; &#x413;&#x43E;&#x43B;&#x44C;&#x434;&#x441;&#x43C;&#x438;&#x442;</subfield>
    <subfield code="i">&#x421;&#x430;&#x43C;&#x44E;&#x44D;&#x43B;&#x44C; &#x414;&#x436;&#x43E;&#x43D;&#x441;&#x43E;&#x43D;</subfield>
    <subfield code="i">&#x411;&#x435;&#x440;&#x442;&#x440;&#x430;&#x43D; &#x411;&#x430;&#x440;&#x435;&#x440;]</subfield>
  </datafield>
  <datafield tag="210" ind1=" " ind2=" ">
    <subfield code="a">&#x421;&#x430;&#x43D;&#x43A;&#x442;-&#x41F;&#x435;&#x442;&#x435;&#x440;&#x431;&#x443;&#x440;&#x433;</subfield>
    <subfield code="c">&#x41C;.&#x41E;. &#x412;&#x43E;&#x43B;&#x44C;&#x444;</subfield>
    <subfield code="d">1865</subfield>
  </datafield>
  <datafield tag="215" ind1=" " ind2=" ">
    <subfield code="a">[4], 471 &#x441;.</subfield>
  </datafield>
  <datafield tag="461" ind1=" " ind2="0">
    <subfield code="1">001v19\rc\1344671</subfield>
    <subfield code="1">2001#$a&#x41F;&#x43E;&#x43B;&#x43D;&#x43E;&#x435; &#x441;&#x43E;&#x431;&#x440;&#x430;&#x43D;&#x438;&#x435; &#x441;&#x43E;&#x447;&#x438;&#x43D;&#x435;&#x43D;&#x438;&#x439;$f&#x41C;&#x430;&#x43A;&#x43E;&#x43B;&#x435;&#x439;$v&#x422;. 14</subfield>
    <subfield code="9">5338382</subfield>
    <subfield code="a">&#x41C;&#x430;&#x43A;&#x43E;&#x43B;&#x435;&#x439;, &#x422;. &#x411;. (1800-1859)</subfield>
    <subfield code="c">&#x421;&#x430;&#x43D;&#x43A;&#x442;-&#x41F;&#x435;&#x442;&#x435;&#x440;&#x431;&#x443;&#x440;&#x433;</subfield>
    <subfield code="d">1860-1866</subfield>
    <subfield code="f">&#x41C;&#x430;&#x43A;&#x43E;&#x43B;&#x435;&#x439;</subfield>
    <subfield code="n">&#x41D;. &#x422;&#x438;&#x431;&#x43B;&#x435;&#x43D;</subfield>
    <subfield code="p">16 &#x442;.</subfield>
    <subfield code="t">&#x41F;&#x43E;&#x43B;&#x43D;&#x43E;&#x435; &#x441;&#x43E;&#x431;&#x440;&#x430;&#x43D;&#x438;&#x435; &#x441;&#x43E;&#x447;&#x438;&#x43D;&#x435;&#x43D;&#x438;&#x439;</subfield>
    <subfield code="v">&#x422;. 14</subfield>
  </datafield>
  <datafield tag="702" ind1=" " ind2="1">
    <subfield code="a">&#x421;&#x430;&#x434;&#x43B;&#x435;&#x440;</subfield>
    <subfield code="b">&#x41C;.&#x422;.</subfield>
    <subfield code="f">1780-1835</subfield>
    <subfield code="g">&#x41C;&#x438;&#x445;&#x430;&#x438;&#x43B; &#x422;&#x43E;&#x43C;&#x430;&#x441;</subfield>
    <subfield code="4">570</subfield>
  </datafield>
  <datafield tag="702" ind1=" " ind2="1">
    <subfield code="4">570</subfield>
    <subfield code="8">rus</subfield>
    <subfield code="7">ca</subfield>
    <subfield code="a">&#x411;&#x435;&#x43D;&#x44C;&#x44F;&#x43D;</subfield>
    <subfield code="b">&#x414;.</subfield>
    <subfield code="f">1628-1688</subfield>
    <subfield code="g">&#x414;&#x436;&#x43E;&#x43D;</subfield>
    <subfield code="3">RU\NLR\AUTH\77102425</subfield>
    <subfield code="9">85351</subfield>
  </datafield>
  <datafield tag="702" ind1=" " ind2="1">
    <subfield code="9">z05790</subfield>
    <subfield code="a">&#x41F;&#x438;&#x442;&#x442;</subfield>
    <subfield code="b">&#x412;.</subfield>
    <subfield code="f">1759-1806</subfield>
    <subfield code="g">&#x412;&#x438;&#x43B;&#x44C;&#x44F;&#x43C;</subfield>
    <subfield code="4">570</subfield>
  </datafield>
  <datafield tag="702" ind1=" " ind2="1">
    <subfield code="a">&#x413;&#x43E;&#x43B;&#x44C;&#x434;&#x441;&#x43C;&#x438;&#x442;</subfield>
    <subfield code="b">&#x41E;.</subfield>
    <subfield code="f">1728-1774</subfield>
    <subfield code="g">&#x41E;&#x43B;&#x438;&#x432;&#x435;&#x440;</subfield>
    <subfield code="4">570</subfield>
  </datafield>
  <datafield tag="702" ind1=" " ind2="1">
    <subfield code="a">&#x411;&#x430;&#x440;&#x435;&#x440;</subfield>
    <subfield code="b">&#x411;.</subfield>
    <subfield code="f">1755-1841</subfield>
    <subfield code="g">&#x411;&#x435;&#x440;&#x442;&#x440;&#x430;&#x43D;</subfield>
    <subfield code="4">570</subfield>
  </datafield>
  <datafield tag="702" ind1=" " ind2="0">
    <subfield code="4">570</subfield>
    <subfield code="8">rus</subfield>
    <subfield code="7">ca</subfield>
    <subfield code="a">&#x424;&#x440;&#x438;&#x434;&#x440;&#x438;&#x445;</subfield>
    <subfield code="c">&#x43A;&#x43E;&#x440;&#x43E;&#x43B;&#x44C; &#x43F;&#x440;&#x443;&#x441;&#x441;&#x43A;&#x438;&#x439;</subfield>
    <subfield code="d">II &#x412;&#x435;&#x43B;&#x438;&#x43A;&#x438;&#x439;</subfield>
    <subfield code="f">1712-1786</subfield>
    <subfield code="3">RU\NLR\AUTH\7715139</subfield>
    <subfield code="9">124799</subfield>
  </datafield>
  <datafield tag="702" ind1=" " ind2="1">
    <subfield code="4">570</subfield>
    <subfield code="8">rus</subfield>
    <subfield code="7">ca</subfield>
    <subfield code="a">&#x414;&#x436;&#x43E;&#x43D;&#x441;&#x43E;&#x43D;</subfield>
    <subfield code="b">&#x421;.</subfield>
    <subfield code="f">1709-1784</subfield>
    <subfield code="g">&#x421;&#x44D;&#x43C;&#x44E;&#x44D;&#x43B;</subfield>
    <subfield code="3">RU\NLR\AUTH\7751216</subfield>
    <subfield code="9">34150</subfield>
  </datafield>
  <datafield tag="790" ind1=" " ind2="1">
    <subfield code="9">z05702</subfield>
    <subfield code="a">&#x41F;&#x438;&#x442;&#x442;</subfield>
    <subfield code="b">&#x423;.</subfield>
    <subfield code="f">1759-1806</subfield>
    <subfield code="g">&#x423;&#x438;&#x43B;&#x44C;&#x44F;&#x43C;</subfield>
  </datafield>
  <datafield tag="801" ind1=" " ind2="0">
    <subfield code="a">RU</subfield>
    <subfield code="b">NLR</subfield>
    <subfield code="c">20060512</subfield>
    <subfield code="g">psbo</subfield>
  </datafield>
  <datafield tag="801" ind1=" " ind2="0">
    <subfield code="a">RU</subfield>
    <subfield code="b">RuMoRGB</subfield>
    <subfield code="c">20060512</subfield>
    <subfield code="2">psbo</subfield>
  </datafield>
  <datafield tag="801" ind1=" " ind2="1">
    <subfield code="a">RU</subfield>
    <subfield code="b">ProSoft-M</subfield>
    <subfield code="c">20060512</subfield>
    <subfield code="2">rusmarc</subfield>
  </datafield>
  <datafield tag="801" ind1=" " ind2="2">
    <subfield code="a">RU</subfield>
    <subfield code="b">NLR</subfield>
    <subfield code="c">20070730</subfield>
    <subfield code="2">rusmarc</subfield>
  </datafield>
  <datafield tag="852" ind1=" " ind2=" ">
    <subfield code="a">NLR</subfield>
    <subfield code="b">&#x41C;&#x444;</subfield>
    <subfield code="j">&#x41A;1/32215</subfield>
  </datafield>
  <datafield tag="852" ind1=" " ind2=" ">
    <subfield code="a">NLR</subfield>
    <subfield code="j">18.38.4.8(14)</subfield>
  </datafield>
  <datafield tag="852" ind1=" " ind2=" ">
    <subfield code="a">NLR</subfield>
    <subfield code="j">130/2369(14)</subfield>
  </datafield>
  <datafield tag="852" ind1=" " ind2=" ">
    <subfield code="a">NLR</subfield>
    <subfield code="b">&#x41C;&#x444;</subfield>
    <subfield code="j">&#x41A;1/8728</subfield>
  </datafield>
  <datafield tag="942" ind1=" " ind2=" ">
    <subfield code="c">BOOK</subfield>
  </datafield>
  <datafield tag="980" ind1=" " ind2=" ">
    <subfield code="a">NB</subfield>
  </datafield>
  <datafield tag="980" ind1=" " ind2=" ">
    <subfield code="a">hounb</subfield>
  </datafield>
  <datafield tag="995" ind1=" " ind2=" ">
    <subfield code="5">2013-10-26</subfield>
    <subfield code="b">NLR01</subfield>
    <subfield code="c">NLR01</subfield>
    <subfield code="e">FM</subfield>
    <subfield code="f">5203923-10</subfield>
    <subfield code="k">&#x41C;&#x444; &#x41A;1/32215</subfield>
    <subfield code="o">0</subfield>
    <subfield code="r">BOOK</subfield>
    <subfield code="s">_132215</subfield>
  </datafield>
  <datafield tag="995" ind1=" " ind2=" ">
    <subfield code="5">2013-10-26</subfield>
    <subfield code="b">NLR02</subfield>
    <subfield code="c">NLR02</subfield>
    <subfield code="e">RFS</subfield>
    <subfield code="f">5203923-20</subfield>
    <subfield code="k">18.38.4.8(14)</subfield>
    <subfield code="o">0</subfield>
    <subfield code="r">BOOK</subfield>
    <subfield code="s">18384814_</subfield>
  </datafield>
  <datafield tag="995" ind1=" " ind2=" ">
    <subfield code="5">2013-10-26</subfield>
    <subfield code="b">NLR02</subfield>
    <subfield code="c">NLR02</subfield>
    <subfield code="e">RFS</subfield>
    <subfield code="f">5203923-30</subfield>
    <subfield code="k">130/2369(14)</subfield>
    <subfield code="o">0</subfield>
    <subfield code="r">BOOK</subfield>
    <subfield code="s">130236914_</subfield>
  </datafield>
  <datafield tag="995" ind1=" " ind2=" ">
    <subfield code="5">2013-10-26</subfield>
    <subfield code="b">NLR01</subfield>
    <subfield code="c">NLR01</subfield>
    <subfield code="e">FM</subfield>
    <subfield code="f">5203923-40</subfield>
    <subfield code="k">&#x41C;&#x444; &#x41A;1/8728</subfield>
    <subfield code="o">0</subfield>
    <subfield code="r">BOOK</subfield>
    <subfield code="s">_18728</subfield>
  </datafield>
</record>
